|
|
|
|
| LEADER |
00000cam a22000004a 4500 |
| 001 |
musev2_35200 |
| 003 |
MdBmJHUP |
| 005 |
20230905043714.0 |
| 006 |
m o d |
| 007 |
cr||||||||nn|n |
| 008 |
140930s2014 tnu o 00 0 eng d |
| 020 |
|
|
|a 9780826520104
|
| 020 |
|
|
|z 9780826520081
|
| 020 |
|
|
|z 9780826520098
|
| 035 |
|
|
|a (OCoLC)891696207
|
| 040 |
|
|
|a MdBmJHUP
|c MdBmJHUP
|
| 100 |
1 |
|
|a Apesoa-Varano, Ester Carolina,
|d 1975-
|e author.
|
| 245 |
1 |
0 |
|a Conflicted Health Care :
|b Professionalism and Caring in an Urban Hospital /
|c Ester Carolina Apesoa-Varano and Charles S. Varano.
|
| 264 |
|
1 |
|a Nashville, Tennessee :
|b Vanderbilt University Press,
|c [2014]
|
| 264 |
|
3 |
|a Baltimore, Md. :
|b Project MUSE,
|c 2014
|
| 264 |
|
4 |
|c ©[2014]
|
| 300 |
|
|
|a 1 online resource (208 pages).
|
| 336 |
|
|
|a text
|b txt
|2 rdacontent
|
| 337 |
|
|
|a computer
|b c
|2 rdamedia
|
| 338 |
|
|
|a online resource
|b cr
|2 rdacarrier
|
| 505 |
0 |
|
|a The professional self -- Teamwork in the hospital -- The dilemma of caring -- Caring reconsidered -- When the day is done, its still work -- Crossing the line -- Unions : the elephant in the room.
|
| 520 |
|
|
|a "This book takes an intimate look at how health care practitioners struggle to live up to their professional and caring ideals on twelve-hour shifts on the hospital floor"--Provided by publisher.
|
| 546 |
|
|
|a English.
|
| 588 |
|
|
|a Description based on print version record.
|
| 650 |
|
7 |
|a Medical personnel
|x Attitudes.
|2 fast
|0 (OCoLC)fst01014409
|
| 650 |
|
7 |
|a Medical personnel and patient.
|2 fast
|0 (OCoLC)fst01014481
|
| 650 |
|
7 |
|a Hospitals
|x Medical staff.
|2 fast
|0 (OCoLC)fst01432050
|
| 650 |
|
7 |
|a Hospital patients
|x Services for.
|2 fast
|0 (OCoLC)fst00961031
|
| 650 |
|
7 |
|a Hospital care.
|2 fast
|0 (OCoLC)fst00960937
|
| 650 |
|
7 |
|a MEDICAL / Health Care Delivery
|2 bisacsh
|
| 650 |
|
7 |
|a POLITICAL SCIENCE
|x Public Policy
|x Social Services & Welfare.
|2 bisacsh
|
| 650 |
|
7 |
|a POLITICAL SCIENCE
|x Public Policy
|x Social Security.
|2 bisacsh
|
| 650 |
2 |
2 |
|a Professional Role
|
| 650 |
2 |
2 |
|a Patient Care
|
| 650 |
2 |
2 |
|a Medical Staff, Hospital
|
| 650 |
2 |
2 |
|a Hospitals, Urban
|
| 650 |
1 |
2 |
|a Hospital-Patient Relations
|
| 650 |
|
0 |
|a Medical personnel
|x Attitudes.
|
| 650 |
|
0 |
|a Medical personnel and patient.
|
| 650 |
|
0 |
|a Hospital patients
|x Services for.
|
| 650 |
|
0 |
|a Hospitals
|x Medical staff.
|
| 650 |
|
0 |
|a Hospital care.
|
| 655 |
|
7 |
|a Electronic books.
|2 local
|
| 700 |
1 |
|
|a Varano, Charles S.,
|d 1957-
|e author.
|
| 710 |
2 |
|
|a Project Muse.
|e distributor
|
| 830 |
|
0 |
|a Book collections on Project MUSE.
|
| 856 |
4 |
0 |
|z Texto completo
|u https://projectmuse.uam.elogim.com/book/35200/
|
| 945 |
|
|
|a Project MUSE - Custom Collection
|
| 945 |
|
|
|a Project MUSE - 2014 Complete
|